000 00365nam a2200157Ia 4500
008 230917s9999||||xx |||||||||||||| ||und||
020 _cGBP0.75
040 _e83397
_aMAIN
041 _aEnglish
082 _a823.9 D644W
100 _aDixon, Franklin W
245 0 _aWailing siren mystery
260 _aLondon
_bArmada
_c1978
300 _a159 p.
942 _cBK
999 _c214974
_d214974